Len dobrá spolupráca včelárov a veterinárnych odborníkov pomôže tlmiť nákazy včelstiev

Bibliographic Details
Main Authors: Lorinčák, Ľuboslav (Author), Halaša, Miloš, 1923-2002 (Author)
Format: Article
Language:Slovak
Subjects:

MARC

LEADER 00000nab a2200000 a 4500
001 vtls000743587
003 SK-MaSNL
005 20260303204459.0
008 180205c2000 xo 0 slo
015 |a SNBRB2001/01-02232 
035 |a CLN000095424 
040 |a SNKBUCL  |b slo  |c SNKBUCL  |e AACR2 
041 0 |a slo 
044 |a xo  |c SK 
080 |a 638.15(437.6)  |2 UDC-MRF-SK2 
080 |a 619:638.1(437.6)  |2 UDC-MRF-SK2 
100 1 |a Lorinčák, Ľuboslav  |4 aut  |9 822433 
245 1 0 |a Len dobrá spolupráca včelárov a veterinárnych odborníkov pomôže tlmiť nákazy včelstiev  |c Ľuboslav Lorinčák, Miloš Halaša 
650 0 7 |a včely  |2 SNKPH  |9 16765 
650 0 7 |a choroby včiel  |2 SNKPH  |9 72675 
655 7 |a články z novín a časopisov  |2 SNK  |9 267496 
700 1 |a Halaša, Miloš,  |d 1923-2002  |4 aut  |9 184127 
773 0 |t Roľnícke noviny  |g Č. 219 (16.11.2000) 
773 0 |t [Príl.] Agrárne noviny  |g S. 2 
850 |a Slovenská národná knižnica v Martine 
852 |a SNK  |b KIS3GCP 
958 |a RBX 
999 |c 2190213  |d 2192143